000
00278nam a2200097Ia 4500
008
220204s9999 xx 000 0 und d
082
_a
058(540)
_b
TIM
245
0
_a
Times of India directory and yearbook including Who's who. 1962-63
260
_a
Bombay
_b
Bennett
_c
1963
942
_c
BK
999
_c
19843
_d
19843